| 000 | 00713nam a2200241 a 4500 | ||
|---|---|---|---|
| 001 | 56381 | ||
| 003 | BD-RjUL | ||
| 005 | 20211209080405.0 | ||
| 008 | 161129s1967 pk b 000 0 eng | ||
| 035 | _a(BD-RjUL)56505 | ||
| 040 |
_aDLC _cDLC _dBD-RjUL _beng |
||
| 041 | _aeng | ||
| 082 |
_223 _a954.035 _bHAM 1967 |
||
| 100 | 0 |
_aHamid, Abdul _9167723 |
|
| 245 | 1 | 0 |
_aMuslim separatism in India : _ba brief survey 1858-1947 / _cAbdul Hamid |
| 260 |
_aLahore : _bOxford University Press, _c1967. |
||
| 300 |
_axv, 263, xi p. ; _c22 cm. |
||
| 504 | _aInclude Bibliography | ||
| 650 | 0 |
_aMuslims _zIndia. _9167724 |
|
| 651 | 0 |
_aIndia _xPolitics and government. _9167725 |
|
| 942 |
_2ddc _cBK |
||
| 999 |
_c56381 _d56381 |
||